000 00565nam a2200193Ia 4500
005 20260120132107.0
008 008 260114s9999 xx 000 0 eng d
020 _a9780197719848
037 _aEBOOK
040 _aCRL
_beng
_cCRL
041 _aeng
_2eng
084 _qCRL
100 _aKurkela
_9934874
245 0 _aLetters of Credit and Bank Guarantees under International Trade Law
260 _bOxford University PressOxford University Press
_c2023
856 _uhttps://academic.oup.com/book/51766
942 _cEBOOK
999 _c1526797
_d1526797